| 000 | 00518nam a2200181 a 4500 | ||
|---|---|---|---|
| 005 | 20140412111347.0 | ||
| 008 | 050421s19uu xx 00 eng d | ||
| 020 | _a0-88309-410-X | ||
| 050 |
_aTR(GS 372.634 _bHa233 1987 |
||
| 245 |
_aHandwriting book : _bbasic skills and application. |
||
| 250 | _aTeacher's Edition | ||
| 260 |
_aColumbus, Ohio : _bZaner-Bloser, Inc., _c1989. |
||
| 300 | _a96 p. ; ill. | ||
| 650 |
_aPenmanship _xStudy and teaching |
||
| 650 | _aReadiness | ||
| 999 |
_c105216 _d105216 |
||